Katy Perry Charting Songs (Billboard Hot 100) - Statistics

General Stats
  • This quiz has been taken 38 times
  • The average score is 18 of 36
Answer Stats
Album Weeks on Peak Song % Correct
Teenage Dream 33 #1 Teenage Dream
97%
PRISM 35 #1 Roar
93%
PRISM (Juicy J) 57 #1 Dark Horse
87%
Teenage Dream (Snoop Dogg) 27 #1 California Gurls
83%
Teenage Dream 39 #1 Firework
83%
One Of The Boys 39 #3 Hot N Cold
83%
One Of The Boys 23 #1 I Kissed A Girl
83%
Teenage Dream 24 #1 Last Friday Night
83%
Teenage Dream 30 #1 E.T.
73%
Teenage Dream: The Complete Confection 22 #1 Part Of Me
73%
Teenage Dream: The Complete Confection 26 #2 Wide Awake
73%
Witness (Nicki Minaj) 10 #46 Swish Swish
67%
Teenage Dream 24 #3 The One That Got Away
67%
Witness (Migos) 6 #59 Bon Appetit
57%
Witness (Skip Marley) 15 #4 Chained To The Rhythm
57%
PRISM 18 #17 Birthday
47%
Funk Wav Bounces Vol.1 (Calvin Harris, Pharrell Williams) 18 #20 Feels
47%
PRISM 18 #24 This Is How We Do
47%
One Of The Boys 23 #9 Waking Up In Vegas
47%
Smile 13 #15 Never Really Over
43%
143 1 #63 Woman's World
43%
single (Zedd) 1 #86 365
40%
single (Daddy Yankee, Snow) 25 #33 Con Calma
40%
Smile 7 #40 Daisies
37%
singe, 2016 9 #11 Rise
37%
PRISM 20 #14 Unconditionally
37%
One Of The Boys 15 #29 Thinking Of You
33%
PRISM 1 #34 Walking On Air
27%
Teenage Dream (Timbaland) 18 #37 If We Ever Meet Again
23%
Teenage Dream 1 #58 Circle The Drain
20%
single, 2019 1 #81 Small Talk
20%
single (Alesso) 4 #90 When I'm Gone
20%
Paradise Valley (John Mayer) 2 #48 Who You Love
17%
Teenage Dream 1 #53 Not Like The Movies
13%
single, 2018 2 #53 Cozy Little Christmas
0%
Teenage Dream (3OH!3) 12 #66 Starstukk
0%
No matching quizzes found
Score Distribution
Percent of People with Each Score
Percentile by Number Answered
Your Score History
You have not taken this quiz